| 000 | 01232cam a22003495a 4500 | ||
|---|---|---|---|
| 999 |
_c27129 _d27101 |
||
| 001 | 018274188 | ||
| 003 | EG-ScBUE | ||
| 005 | 20190212143015.0 | ||
| 008 | 170225t2017 enka frb 001 0 eng d | ||
| 015 |
_aGBB8C8149 _2bnb |
||
| 016 | 7 |
_a018274188 _2Uk |
|
| 020 | _a9781473725454 (pbk.) | ||
| 020 | _a1473725453 (pbk.) | ||
| 040 |
_aStDuBDS _beng _cStDuBDS _dUk _dEG-ScBUE |
||
| 082 | 0 | 4 |
_a657.3 _bINT _222 |
| 245 | 1 | 0 |
_aInternational financial reporting and analysis / _cDavid Alexander... [et al.]. |
| 250 | _a7th ed. | ||
| 260 |
_aAndover, Hampshire : _bCengage Learning, _cc.2017. |
||
| 300 |
_axv, 834 p. : _bill. ; _c25 cm. |
||
| 500 | _aPrevious edition: 2014. | ||
| 504 | _aIncludes bibliographical references and index. | ||
| 650 | 7 |
_aFinancial statements. _2BUEsh |
|
| 650 | 7 |
_aFinancial statements _vProblems, exercises, etc. _2BUEsh |
|
| 650 | 7 |
_aInternational business enterprises _xFinance. _2BUEsh _932766 |
|
| 650 | 7 |
_aInternational business enterprises _xFinance _vProblems, exercises, etc. _2BUEsh _933661 |
|
| 651 | _2BUEsh | ||
| 653 |
_bBUSADM _cFebruary2019 |
||
| 655 | _vReading book | ||
| 690 | 7 |
_aManagement and Business Studies _2blcoll |
|
| 700 | 1 |
_aAlexander, David, _d1947 June 16- |
|
| 942 | _2ddc | ||